| 000 | 00685nmm a2200253 a 4500 | ||
|---|---|---|---|
| 003 | AR-Y00000XR | ||
| 005 | 20251128212007.0 | ||
| 008 | 077020s2007 ||||||||||||||000 | spa|| | ||
| 020 | _a978-950-515-352-7 | ||
| 040 | _cAR-Y00000XR | ||
| 100 | 1 | _aWalsh, Rodolfo | |
| 245 | 1 | 0 | _aOperación Masacre |
| 250 | _a34ª ed. especial | ||
| 260 |
_aBuenos Aires _bEdiciones de la Flor _c2007 |
||
| 300 | 0 | _a236 p. | |
| 500 | 0 | _aLibros distribuidos por el MECYT en el marco del PROMSE 2007 | |
| 650 | 4 | _aLITERATURA ARGENTINA | |
| 650 | 4 | _aSIGLO VEINTE | |
| 653 | 0 | _aNOVELA HISTORICA | |
| 653 | 0 | _aNOVELA POLITICA | |
| 655 | _aLITERATURA | ||
| 942 | _cBK | ||
| 998 | _cme-solo cat | ||
| 999 |
_c21963 _d21963 |
||